00785nam a22002657a 4500003000500000005001700005008004100022010001000063011001000073035001000083040000900093082001500102100002900117245011000146260003100256300002000287490003900307650002400346650002800370650001900398650002100417650001900438700002300457830003900480CHAP20220329140918.0971013s1993 r 00010 d a59682 a60654 a64816 cCHAP a584.9bP3500aPandeya, Satish Chandra. aEcology of Cenchrus grass complexb: environmental conditions and population differences in western India aDordrecht :bKluwer,c1993 a234 p.b: ilus. aTasks for vegetation sciencev; 2314aEcología vegetal.14aPastizalesxEcología.14aPastosxIndia.14aPastosxSemilla.14aZacate Buffel.0 aLieth, Helmuteed.0 aTasks for vegetation sciencev; 23